Akciová spoločnosť. 3.

Rezervný fond akciovej spoločnosti. Pojem rezervného fondu a jeho právne a ekonomické poňatie. Dlhopisy vydávané akciovou spoločnosťou. Pojem dlhopisu a jeho druhy. Zrušenie a zánik akciovej spoločnosti.

Salvato in:
Dettagli Bibliografici
Autore principale: Dědič, J.
Natura: Capitolo di libro
Lingua:slovacco
Soggetti:
Tags: Aggiungi Tag
Nessun Tag, puoi essere il primo ad aggiungerne!!

MARC

LEADER 00000naa a2200000 4500
001 r012516
005 20220826093917.6
041 0 |a slo 
044 |a SK 
245 1 0 |a Akciová spoločnosť. 3.  |c J. Dědič 
520 |a Rezervný fond akciovej spoločnosti. Pojem rezervného fondu a jeho právne a ekonomické poňatie. Dlhopisy vydávané akciovou spoločnosťou. Pojem dlhopisu a jeho druhy. Zrušenie a zánik akciovej spoločnosti. 
610 2 0 |a spoločnosti akciové 
610 2 0 |a fond rezervný 
610 2 0 |a dlhopisy 
610 2 0 |a likvidácia podniku 
100 1 |a Dědič, J.